000 00593nam a22002177a 4500
001 00028838
005 20260422103045.0
008 260422b ag ||||| |||| 00| 0 spa d
020 _a9786090143
040 _aAR-CcCEOS
_bspa
_cAR-CcCEOS
041 _aspa
080 _a820-3(73)
090 _bLIN
100 1 _aLindstrom, Wendy
_91095
245 _aUna cuestión de honor /
_cWendy Lindstrom
250 _a1ª ed.
260 _aBuenos Aires :
_bDel Nuevo Extremo,
_c2006.
300 _a272 p. ;
_c23x15 cm.
655 0 _aliteratura estadounidense
_938
_vNOVELA
942 _2udc
_cBK
_n0
999 _c28879
_d28879